Landmarks of the USA #1 - Statistics

General Stats
  • This quiz has been taken 69 times
  • The average score is 6 of 8
Answer Stats
Hint Answer % Correct
A copper statue gifted to the USA by France Statue of Liberty
98%
A massive sculpture carved into a cliff, featuring the faces of four US presidents Mount Rushmore National Memorial
89%
A suspension bridge named after the one-mile-long strait it spans Golden Gate Bridge
81%
A major intersection and entertainment centre in NYC Times Square
79%
A park with a larger area than Monaco Central Park
77%
An observation tower considered an icon of Seattle Space Needle
76%
This office building's construction was finished during the Great Depression Empire State Building
61%
The world's largest train station, by both area and the number of platforms Grand Central Terminal
60%
No matching quizzes found
Score Distribution
Percent of People with Each Score
Percentile by Number Answered
Your Score History
You have not taken this quiz